Taller sobre metodologías para la evaluación de programas de educación popular y promoción social en áreas suburbanas y rurales.

Guardado en:
Detalles Bibliográficos
Autores corporativos: Centro de Estudios Educativos (México), Fomento Cultural Educativo (México) coaut
Formato: Desconocido
Idioma:Español
Temas:
Acceso en línea:Ver documento en línea
Etiquetas: Agrega una etiqueta
Sin etiquetas, Sé el primero en etiquetar este registro!

MARC

LEADER 00000c**#a2200000ua#4500
001 000500376
003 DLC
005 20260512000000.0
008 070820c^^^^9999^^^^r1^^^^^^^^0^^^^0spa^d
009 20260512123319.968
022 |a 01851284 
035 |a FCE 000044463 
037 |a Acervo ITESO - Biblioteca 
041 |a spa 
095 |a RLEE  |b 77-3-135 
110 |a Centro de Estudios Educativos (México) 
245 1 0 |a Taller sobre metodologías para la evaluación de programas de educación popular y promoción social en áreas suburbanas y rurales. 
264 |a México :  |b Centro de Estudios Educativos,  |c 1977. 
336 |a texto  |b txt  |2 rdacontenido 
337 |a sin mediación  |b n  |2 rdamedio 
338 |a volumen  |b nc  |2 rdasoporte 
649 |a XX 
650 |a Educación popular 
650 |a Promoción social 
650 |a Zona rural 
650 |a Metodología 
650 |a Evaluación del programa 
650 |a Zona urbana 
650 |a Taller 
650 |a México 
740 |g vol. 7, no. 3, 1977, pp. 135-146.  |t Revista Latinoamericana de Estudios Educativos. Informes, notas y documentos, 
710 |a Fomento Cultural Educativo (México)  |e coaut 
856 4 0 |u https://www.cee.edu.mx/rlee/revista/r1971_1980/r_texto/t_1977_3_09.pdf  |y Ver documento en línea 
910 |a Fondo Centro de Estudios Educativos 
920 |a Impresos - Libros 
930 |a Fondos Especiales 
905 |a 133 
902 |a https://opac.biblio.iteso.mx/vufind/Record/000500376